| 000 | 00657nam a22002297a 4500 | ||
|---|---|---|---|
| 999 |
_c616 _d616 |
||
| 003 | AR-CdUCM | ||
| 008 | 190225b ||||| |||| 00| 0 spa d | ||
| 040 |
_aMUNICIPALIDAD PROVINCIAL DEL CUSCO _cBIBLIOTECA MUNICIPAL DEL CUSCO |
||
| 082 |
_a869.56 / _bT17 |
||
| 100 |
_aTamayo Vargas, Augusto _91952 |
||
| 245 | _aTamayo Vargas, Augusto | ||
| 260 |
_aLima : _bUniverso, _c1974. |
||
| 300 |
_a153 páginas ; _c21 cm. |
||
| 505 | _aI - II - III - IV - V... | ||
| 650 |
_aLima _9231 |
||
| 650 |
_aMendocita _92404 |
||
| 650 |
_aBarriada _92405 |
||
| 650 |
_aUniversitario _92406 |
||
| 650 |
_aRelato _9294 |
||
| 942 |
_2ddc _cLIBROS |
||
| 945 |
_admma _d2019-02-25 |
||